000 00832nam a2200241 a 4500
008 951205s1981||||[C 0 slo c
020 _c25 Kčs.
_q(2000 výtl.)
040 _aSNK
_bslo
_cSNK
_eAACR2
041 1 _aslo
_hrus
044 _axo
_cSK
080 _a7.01
100 1 _aGulyga, Arsenij Vladimirovič
_4aut
245 1 0 _aUmenie vo veku vedy
_cArsenij Vladimirovič Gulyga ; Mária Mlynáriková, Dušan Slobodník, Jozef Michaláč
250 _a1., vyd.
260 _aBratislava
_bPravda
_c1981
_eBratislava
_fPravda
300 _a191 s., 10,68 AH
_c21 cm
490 0 _aČlovek a umenie
500 _aLit. 123. 123 zázn. lit. o knihách a čl. v jaz. slov., čes., rus., nem. a franc.
700 1 _aMlynáriková, Mária
_4trl
700 1 _aSlobodník, Dušan
_4trl
700 1 _aMichaláč, Jozef
_4bkd
958 _aA
999 _c14905
_d14905